Дочь Ивана, мать Ивана: повести и рассказы; Деньги для Марии; Пожар; Что передать вороне?; Наташа; Не могу-у; Тетка Улита; Женский разговор; Сеня едет; Нежданно-негаданно; В ту же землю; Новая профессия; Изба; под небом ночным

Dades bibliogràfiques
Autor principal: Распутин В. Г. Валентин Григорьевич
Idioma:rus
Publicat: Москва, Эксмо, 2005
TOC:Деньги для Марии; Пожар;
Что передать вороне?; Наташа; Не могу-у; Тетка Улита; Женский разговор; Сеня едет; Нежданно-негаданно; В ту же землю; Новая профессия; Изба; под небом ночным;
Col·lecció:Русская классика. XX век
Matèries:
Format: Llibre
KOHA link:https://koha.lib.tpu.ru/cgi-bin/koha/opac-detail.pl?biblionumber=83938

MARC

LEADER 00000nam0a2200000 4500
001 83938
005 20231101213326.0
010 |a 5699112502 
035 |a (RuTPU)RU\TPU\book\90241 
090 |a 83938 
100 |a 20051024d2005 m y0rusy50 ca 
101 0 |a rus 
102 |a RU 
105 |a y z 000ay 
200 1 |a Дочь Ивана, мать Ивана  |e повести и рассказы  |f В. Г. Распутин 
210 |a Москва  |c Эксмо  |d 2005 
215 |a 639 с. 
225 1 |a Русская классика. XX век 
464 |t Деньги для Марии; Пожар  |o повести 
464 |t Что передать вороне?; Наташа; Не могу-у; Тетка Улита; Женский разговор; Сеня едет; Нежданно-негаданно; В ту же землю; Новая профессия; Изба; под небом ночным  |o рассказы 
610 1 |a русская литература 
610 1 |a повести 
610 1 |a рассказы 
675 |a Р2  |v 3 
700 1 |a Распутин  |b В. Г.  |c русский писатель  |c прозаик  |f 1937-2015  |g Валентин Григорьевич  |2 stltpush  |3 (RuTPU)RU\TPU\pers\17228  |9 6360 
801 1 |a RU  |b 63413507  |c 20051024  |g PSBO 
801 2 |a RU  |b 63413507  |c 20161017  |g PSBO 
942 |c BK 
959 |a 84/20051019  |d 1  |e 107,25  |f ХФ:1